| 000 | 01980cam a22004214i 4500 | ||
|---|---|---|---|
| 003 | PE-LiUPU | ||
| 005 | 20250731183444.0 | ||
| 008 | 150616s r 000 0 d | ||
| 020 | _a0521376246 | ||
| 035 | _a(Sirsi) i9780521376242 | ||
| 040 |
_aPE-LiUPU _bspa _cPE-LiUPU _erda |
||
| 049 | _aPRUA | ||
| 082 | 0 | 4 |
_a780.901 _bM12 _221 |
| 100 | 1 |
_aMcKinnon, James, _eautor. |
|
| 245 | 1 | 0 | _aMusic in Early Christian Literature. |
| 264 | 1 |
_aCambridge : _bCambridge University Press, _c1993. |
|
| 300 |
_a180 páginas ; _c23 centímetros |
||
| 336 |
_atext _2rdacontent |
||
| 337 |
_aunmediated _2rdamedia |
||
| 338 |
_avolume _2rdacarrier |
||
| 490 | 0 | _aCambridge readings in the literature of music | |
| 505 | 0 | _aThe New Testament -- The Christian literature of the first and second centuries -- The greek authors of the third century -- Western authors of the third and early fourth centuries: Carthage and Rome -- Fourth-century Alexandria and desert monasticism -- Fourth-century Asia Minor: the cappadocians -- Palestine, Antioch and Syria -- The greek historians -- The apostolic constitutions, Egeria, and the eastern councils -- Western authors of the fourth and early fifth centuries -- Augustine and minor western authors. | |
| 526 | _aP158 | ||
| 526 | _aP146 | ||
| 526 | _aP17 | ||
| 526 | _aP12 | ||
| 526 | _aP06 | ||
| 650 | 0 | 4 |
_aMúsica en la iglesia _yHacia 500 _xFuentes. |
| 650 | 0 | 4 | _aMúsica y literatura. |
| 650 | 0 | 4 |
_aMúsica _yHacia 500 _xFilosofía y estética. |
| 910 |
_ajck _bjvq _cjck |
||
| 942 |
_2ddc _cBOOK |
||
| 949 |
_a780.901 M12 _wDEWEY _c1 _i40240 _lCCODEBUL1 _mBUL _r0 _sY _tBOOK _u2015-6-16 _xTEOLOGIA _zUNKNOWN _0COMPRA _o.STAFF. Colección General |
||
| 994 |
_aC0 _bPEPRU |
||
| 596 | _a1 | ||
| 999 |
_a780.901 M12 _wDEWEY _c58040 _i40240 _f2021-11-12 _g5 _lCCODEBUL1 _mBUL _r0 _sY _tBOOK _u2015-6-16 _xTEOLOGIA _zUNKNOWN _0COMPRA _o.STAFF. Colección General _d58040 |
||
| 980 |
_81 _gALBERTO SANCHEZ Responsable de Automatización |
||